Statistics for All NBA Teams With A Championship

Click here to take the quiz!

General Stats

  • This quiz has been taken 41 times
  • The average score is 16 of 20

Answer Stats

HintAnswer% Correct
17Celtics
100%
17Lakers
100%
6Bulls
97%
7Warriors
97%
2Bucks
92%
5Spurs
92%
3Heat
89%
2Knicks
84%
1Nuggets
84%
3Pistons
84%
1Hawks
81%
1Raptors
78%
1Kings
76%
1Mavericks
76%
1Wizards
76%
1Cavs
70%
2Rockets
68%
1Thunder
68%
1TrailBlazers
65%
3Sixers
43%

Score Distribution

Percentile by Number Answered

Percent of People with Each Score

Your Score History

You have not taken this quiz